[Event "Olympiad-42"]
[Site "Baku"]
[Date "2016.09.08"]
[Round "6.3"]
[White "Georgiadis, Nico"]
[Black "Butnorius, Algimantas"]
[Result "1-0"]
[WhiteElo "2475"]
[BlackElo "2348"]
[PlyCount "59"]
[EventDate "2016.09.02"]
[EventType "team-swiss"]
[EventRounds "11"]
[EventCountry "AZE"]
[SourceTitle "CBM 175"]
[Source "ChessBase"]
[SourceDate "2016.11.10"]
[SourceVersion "1"]
[SourceVersionDate "2016.11.10"]
[SourceQuality "1"]
[WhiteTeam "Switzerland"]
[BlackTeam "Monaco"]
[WhiteTeamCountry "SUI"]
[BlackTeamCountry "MNC"]

1. e4 e5 2. Nf3 Nc6 3. Bb5 a6 4. Ba4 Nf6 5. 0-0 Be7 6. Re1 b5 7. Bb3 d6 8. c3 0-0 9. h3 Nb8 10. d4 Nbd7 11. c4 Bb7 12. Nc3 c6 13. a3 Qc7 14. Be3 Rac8 15. Rc1 Qb8 16. Ba2 c5 17. dxe5 Nxe5 18. cxb5 axb5 19. Nxe5 dxe5 20. Bg5 b4 21. Bxf6 Bxf6 22. Nd5 Bg5 23. Rc2 Ba6 24. Bc4 Bb5 25. Bxb5 Qxb5 26. axb4 f5 27. exf5 cxb4 28. Rxc8 Rxc8 29. Rxe5 Rc1 30. Qxc1 1-0

[Event "Olympiad-42"]
[Site "Baku"]
[Date "2016.09.02"]
[Round "1.3"]
[White "Butnorius, Algimantas"]
[Black "Mlawa, Hemed"]
[Result "1-0"]
[WhiteElo "2348"]
[BlackElo "1782"]
[PlyCount "67"]
[EventDate "2016.09.02"]
[EventType "team-swiss"]
[EventRounds "11"]
[EventCountry "AZE"]
[SourceTitle "CBM 175"]
[Source "ChessBase"]
[SourceDate "2016.11.10"]
[SourceVersion "1"]
[SourceVersionDate "2016.11.10"]
[SourceQuality "1"]
[WhiteTeam "Monaco"]
[BlackTeam "Tanzania"]
[WhiteTeamCountry "MNC"]
[BlackTeamCountry "TAN"]

1. Nf3 Nf6 2. c4 e6 3. d4 c5 4. d5 exd5 5. cxd5 d6 6. Nc3 Be7 7. e4 0-0 8. Be2 Na6 9. 0-0 Nc7 10. Re1 Bg4 11. Bf4 Nd7 12. Nd2 Bxe2 13. Qxe2 Ne5 14. Bg3 Re8 15. f4 Ng6 16. Nf3 a6 17. a4 Rb8 18. f5 Nf8 19. e5 b5 20. Rad1 bxa4 21. Ne4 Nb5 22. Qf2 Qb6 23. f6 gxf6 24. exd6 Bd8 25. d7 Nxd7 26. Bxb8 Qxb8 27. d6 Bb6 28. Qh4 Re6 29. Ng3 c4+ 30. Kh1 Rxe1+ 31. Rxe1 Qxd6 32. Nf5 Qf8 33. Qg4+ Kh8 34. Re8 1-0

[Event "Wch Seniors 65 25th"]
[Site "Acqui Terme"]
[Date "2015.11.20"]
[Round "10"]
[White "Rooze, Jan"]
[Black "Butnorius, Algimantas"]
[Result "0-1"]
[WhiteElo "2262"]
[BlackElo "2360"]
[PlyCount "112"]
[EventDate "2015.11.10"]
[EventType "swiss"]
[EventRounds "11"]
[EventCountry "ITA"]
[SourceTitle "CBM 169 Extra"]
[Source "ChessBase"]
[SourceDate "2015.12.18"]
[SourceVersion "1"]
[SourceVersionDate "2015.12.18"]
[SourceQuality "1"]

1. e4 c5 2. Nf3 Nc6 3. Bb5 d6 4. 0-0 Bd7 5. Re1 a6 6. Bxc6 Bxc6 7. d4 cxd4 8. Nxd4 Nf6 9. Nxc6 bxc6 10. c4 e6 11. Qa4 Qc7 12. Bf4 Nd7 13. Nd2 Be7 14. Nb3 e5 15. Be3 0-0 16. Qa5 Qb7 17. Red1 Nf6 18. f3 Rab8 19. Rd3 d5 20. exd5 cxd5 21. cxd5 Bb4 22. Qa4 Nxd5 23. Bf2 Nf6 24. Rad1 Rfe8 25. Kh1 e4 26. fxe4 Nxe4 27. Bg1 Nf6 28. Nd4 Bf8 29. b3 Rbc8 30. Nf3 h6 31. Re1 Rxe1 32. Nxe1 Rc1 33. Qa5 Qe4 34. Re3 Qb1 35. h3 Kh7 36. Re2 Bd6 37. Qd2 Bg3 38. Qd3+ Qxd3 39. Nxd3 Rd1 40. Re3 Bd6 41. g4 h5 42. Nf2 Ra1 43. Rf3 hxg4 44. hxg4 Kg6 45. Rc3 Rxa2 46. Rc6 Bf4 47. Nd3 Kg5 48. Rc4 Bg3 49. Be3+ Kg6 50. Rc6 Kh7 51. g5 Ng4 52. Bf4 Bxf4 53. Nxf4 Ne5 54. Rc3 Rf2 55. Rh3+ Kg8 56. Re3 Nf3 0-1

[Event "EU Small Countries ol 4th"]
[Site "Saint Peter Port"]
[Date "2015.04.23"]
[Round "7.2"]
[White "Mooney, Graham"]
[Black "Butnorius, Algimantas"]
[Result "0-1"]
[WhiteElo "1870"]
[BlackElo "2382"]
[PlyCount "98"]
[EventDate "2015.04.19"]
[EventType "team-tourn"]
[EventRounds "9"]
[EventCountry "GCI"]
[SourceTitle "CBM 166 Extra"]
[Source "ChessBase"]
[SourceDate "2015.06.18"]
[SourceVersion "1"]
[SourceVersionDate "2015.06.18"]
[SourceQuality "1"]
[WhiteTeam "Jersey"]
[BlackTeam "Monaco"]
[WhiteTeamCountry "GCI"]
[BlackTeamCountry "MNC"]

1. e4 c5 2. Nf3 e6 3. d4 cxd4 4. Nxd4 Nc6 5. Be3 Nf6 6. Nc3 Bb4 7. Bd3 d5 8. Nxc6 bxc6 9. exd5 cxd5 10. Bd2 0-0 11. 0-0 Bb7 12. Ne2 Bd6 13. Ng3 Qc7 14. Re1 Rfe8 15. Bg5 Nd7 16. Qh5 g6 17. Qh4 f5 18. Rad1 Ne5 19. Ne2 Nxd3 20. Rxd3 e5 21. c3 Rac8 22. Rdd1 f4 23. Rd2 Qf7 24. f3 Bc5+ 25. Kh1 Be3 26. Rdd1 a5 27. Ng1 a4 28. a3 Rb8 29. Nh3 Bc8 30. Nf2 Rxb2 31. Ng4 Bxg4 32. Qxg4 h5 33. Qh3 Bd2 34. Rg1 Qf5 35. Qxf5 gxf5 36. g3 Be3 37. Rge1 Rc8 38. Rxd5 Rxc3 39. Rxe5 Rcc2 40. R5xe3 fxe3 41. Bxe3 Rxh2+ 42. Kg1 Rhe2 43. Rxe2 Rxe2 44. Bc5 Kf7 45. Kf1 Rc2 46. g4 hxg4 47. fxg4 fxg4 48. Bf2 Ra2 49. Bc5 Ke6 0-1

[Event "LTU-chT"]
[Site "Lithuania"]
[Date "2015.01.24"]
[Round "1.2"]
[White "Butnorius, Algimantas"]
[Black "Martinkus, Rolandas"]
[Result "1-0"]
[WhiteElo "2377"]
[BlackElo "2140"]
[PlyCount "103"]
[EventDate "2015.01.24"]
[EventType "team-tourn"]
[EventRounds "7"]
[EventCountry "LTU"]
[SourceTitle "CBM 164 Extra"]
[Source "ChessBase"]
[SourceDate "2015.03.02"]
[SourceVersion "1"]
[SourceVersionDate "2015.03.02"]
[SourceQuality "1"]
[WhiteTeam "Kaunas Margiris"]
[BlackTeam "Marijampole Mantinga"]
[WhiteTeamCountry "LTU"]
[BlackTeamCountry "LTU"]

1. d4 Nf6 2. Nf3 g6 3. c4 Bg7 4. Nc3 0-0 5. e4 d6 6. Be2 c5 7. 0-0 cxd4 8. Nxd4 Nc6 9. Be3 Bd7 10. Qd2 Nxd4 11. Bxd4 Qa5 12. Rfd1 Rfc8 13. a3 Bc6 14. f3 Nh5 15. Bxg7 Nxg7 16. b4 Qe5 17. f4 Qe6 18. Rac1 Bxe4 19. Nxe4 Qxe4 20. Bf3 Qe6 21. Bxb7 Nf5 22. Bxa8 Rxa8 23. c5 dxc5 24. Rxc5 h5 25. Re5 Qa6 26. Ra5 Qf6 27. Qf2 h4 28. Rxa7 Rc8 29. Rad7 Rc3 30. R7d3 h3 31. g4 Nd6 32. Qd4 Rxd3 33. Rxd3 Qe6 34. Rxh3 Qxg4+ 35. Rg3 Qf5 36. Rd3 Qg4+ 37. Rg3 Qf5 38. Rd3 Qg4+ 39. Kf1 Qe6 40. h3 Nf5 41. Qc3 Kh7 42. Qb3 Qf6 43. b5 Qa1+ 44. Ke2 e6 45. b6 Nd4+ 46. Rxd4 Qxd4 47. Qb4 Qg1 48. b7 Qg2+ 49. Ke3 Qg3+ 50. Ke4 Qg2+ 51. Ke5 Kg7 52. Kd6 1-0

[Event "EU-ch Seniors 65 Rapid"]
[Site "Porto"]
[Date "2014.03.19"]
[Round "1"]
[White "Khmiadashvili, Tamari"]
[Black "Butnorius, Algimantas"]
[Result "1/2-1/2"]
[WhiteElo "2026"]
[BlackElo "2340"]
[PlyCount "81"]
[EventDate "2014.03.19"]
[EventType "swiss (rapid)"]
[EventRounds "9"]
[EventCountry "POR"]
[SourceTitle "EXT 2015"]
[Source "ChessBase"]
[SourceDate "2014.11.20"]
[SourceVersion "1"]
[SourceVersionDate "2014.11.20"]
[SourceQuality "1"]

1. d4 Nf6 2. c3 e6 3. Bg5 c5 4. e3 d5 5. Bxf6 Qxf6 6. Nf3 Bd6 7. Nbd2 0-0 8. Bd3 Nc6 9. h4 h6 10. Bb1 cxd4 11. Qc2 d3 12. Qxd3 g6 13. h5 Kg7 14. Bc2 Ne7 15. e4 Bf4 16. Qe2 Nc6 17. 0-0-0 Bd7 18. g3 Bxd2+ 19. Rxd2 e5 20. exd5 Bg4 21. Be4 Ne7 22. Qe3 g5 23. d6 Nc6 24. Ne1 Rad8 25. f3 Be6 26. Bb1 Rd7 27. Qe4 Rh8 28. Nc2 Qd8 29. Ne3 Rxd6 30. Rxd6 Qxd6 31. Rd1 Qe7 32. Nf5+ Bxf5 33. Qxf5 Qf6 34. Qe4 Rd8 35. Rxd8 Nxd8 36. Bc2 Kf8 37. b4 Qd6 38. Kb2 a6 39. a3 Nc6 40. Qd3 Qxd3 41. Bxd3 1/2-1/2

[Event "EU-ch Seniors 65 Rapid"]
[Site "Porto"]
[Date "2014.03.19"]
[Round "5"]
[White "Suba, Mihai"]
[Black "Butnorius, Algimantas"]
[Result "1-0"]
[WhiteElo "2379"]
[BlackElo "2340"]
[PlyCount "83"]
[EventDate "2014.03.19"]
[EventType "swiss (rapid)"]
[EventRounds "9"]
[EventCountry "POR"]
[SourceTitle "EXT 2015"]
[Source "ChessBase"]
[SourceDate "2014.11.20"]
[SourceVersion "1"]
[SourceVersionDate "2014.11.20"]
[SourceQuality "1"]

1. c4 e6 2. Nc3 d5 3. d4 Be7 4. Nf3 Nf6 5. Bf4 0-0 6. e3 c5 7. dxc5 Bxc5 8. Qc2 Nc6 9. a3 Qa5 10. Nd2 Be7 11. Be2 e5 12. Bg3 d4 13. Nb3 Qb6 14. exd4 Nxd4 15. Nxd4 exd4 16. Nb5 Be6 17. Rd1 Rac8 18. Nxd4 Qa5+ 19. Rd2 Bd7 20. 0-0 b5 21. Rfd1 bxc4 22. Bxc4 Ba4 23. b3 Bd7 24. a4 Bb4 25. Re2 Rfe8 26. Rxe8+ Rxe8 27. Nf3 Bg4 28. Qd3 Ne4 29. Qd5 Qxd5 30. Rxd5 Nc3 31. Re5 Rd8 32. h3 Bxf3 33. gxf3 a5 34. Kg2 Kf8 35. Re3 f6 36. h4 h5 37. Bc7 Rc8 38. Bg3 Nxa4 39. Be6 Rd8 40. bxa4 Rd2 41. Bf5 Bc5 42. Rc3 1-0

[Event "EU-ch Seniors 13th"]
[Site "Plovdiv"]
[Date "2013.03.16"]
[Round "6"]
[White "Pritchett, Craig William"]
[Black "Butnorius, Algimantas"]
[Result "1-0"]
[WhiteElo "2352"]
[BlackElo "2398"]
[PlyCount "79"]
[EventDate "2013.03.11"]
[EventType "swiss"]
[EventRounds "9"]
[EventCountry "BUL"]
[SourceTitle "CBM 153 Extra"]
[Source "ChessBase"]
[SourceDate "2013.04.22"]
[SourceVersion "1"]
[SourceVersionDate "2013.04.22"]
[SourceQuality "1"]

1. e4 e5 2. Nf3 Nc6 3. Bb5 a6 4. Ba4 Nf6 5. 0-0 Be7 6. d3 d6 7. c3 0-0 8. Re1 b5 9. Bc2 Re8 10. Nbd2 Bf8 11. Nf1 Ne7 12. a4 Bb7 13. Bg5 Ng6 14. axb5 axb5 15. Rxa8 Bxa8 16. h3 h6 17. Bxf6 Qxf6 18. Ne3 Nf4 19. Kh2 h5 20. g3 Ne6 21. h4 g6 22. Nd5 Qd8 23. b4 c6 24. Ne3 Qf6 25. Bb3 Bb7 26. Kg2 Bg7 27. Kg1 Ra8 28. Nc2 Bh6 29. d4 Bg7 30. d5 cxd5 31. Bxd5 Bxd5 32. Qxd5 Nc7 33. Qd3 Ra2 34. Kg2 Qe6 35. Ne3 Bh6 36. Rd1 Bxe3 37. Qxe3 d5 38. Qc5 dxe4 39. Rd8+ Ne8 40. Ng5 1-0

[Event "Cappelle op 29th"]
[Site "Cappelle la Grande"]
[Date "2013.02.27"]
[Round "6"]
[White "Butnorius, Algimantas"]
[Black "Lenaerts, Lennert"]
[Result "1/2-1/2"]
[WhiteElo "2400"]
[BlackElo "2080"]
[PlyCount "82"]
[EventDate "2013.02.23"]
[EventType "swiss"]
[EventRounds "9"]
[EventCountry "FRA"]
[SourceTitle "CBM 153 Extra"]
[Source "ChessBase"]
[SourceDate "2013.04.22"]
[SourceVersion "1"]
[SourceVersionDate "2013.04.22"]
[SourceQuality "1"]

1. c4 e5 2. Nc3 Bb4 3. g3 Bxc3 4. bxc3 d6 5. Bg2 c5 6. d3 Ne7 7. Nf3 0-0 8. e4 Nbc6 9. 0-0 h6 10. Rb1 Qa5 11. Qc2 a6 12. a4 Rb8 13. Be3 b5 14. axb5 axb5 15. cxb5 Rxb5 16. Rxb5 Qxb5 17. Rb1 Qa5 18. d4 cxd4 19. cxd4 exd4 20. Nxd4 Nxd4 21. Bxd4 Be6 22. Qb2 f6 23. Ra1 Qd8 24. Qb7 Qd7 25. Qxd7 Bxd7 26. Ra7 Rd8 27. Rb7 Kf7 28. f4 Bc6 29. Rc7 Rc8 30. Ra7 Ra8 31. Rxa8 Bxa8 32. Kf2 Bc6 33. g4 g6 34. Be3 d5 35. exd5 Bxd5 36. Bf1 f5 37. h3 Be6 38. Be2 Nd5 39. gxf5 Bxf5 40. h4 Nxe3 41. Kxe3 Kf6 1/2-1/2

[Event "EU-ch Seniors 12th"]
[Site "Kaunas"]
[Date "2012.08.26"]
[Round "9"]
[White "Barle, Janez"]
[Black "Butnorius, Algimantas"]
[Result "0-1"]
[WhiteElo "2382"]
[BlackElo "2388"]
[PlyCount "78"]
[EventDate "2012.08.18"]
[EventType "swiss"]
[EventRounds "9"]
[EventCountry "LTU"]
[SourceTitle "CBM 150 Extra"]
[Source "ChessBase"]
[SourceDate "2012.10.19"]
[SourceVersion "1"]
[SourceVersionDate "2012.10.19"]
[SourceQuality "1"]

1. e4 e5 2. Nf3 Nc6 3. Bc4 Bc5 4. Nc3 Nf6 5. d3 a6 6. Bg5 h6 7. Bxf6 Qxf6 8. Nd5 Qd8 9. c3 d6 10. d4 Ba7 11. dxe5 dxe5 12. Qe2 Be6 13. 0-0-0 Qc8 14. Bd3 0-0 15. Nxe5 Re8 16. Nxc6 bxc6 17. Nb4 Bc5 18. Nxc6 Bxa2 19. Bc4 Bxc4 20. Qxc4 Bxf2 21. Rd8 Qg4 22. Rxa8 Rxa8 23. Qxf7+ Kxf7 24. Ne5+ Ke6 25. Nxg4 Bb6 26. Kd2 Rf8 27. Kd3 h5 28. Ne3 Rf2 29. b4 Bxe3 30. Kxe3 Rxg2 31. Ra1 Rxh2 32. Rxa6+ Ke5 33. Ra5+ Kf6 34. Rf5+ Ke6 35. Rc5 h4 36. Rxc7 Rg2 37. Kf3 h3 38. b5 Rg1 39. Rc6+ Kd7 0-1

[Event "EU-ch Seniors 12th"]
[Site "Kaunas"]
[Date "2012.08.24"]
[Round "7"]
[White "Postler, Reinhard"]
[Black "Butnorius, Algimantas"]
[Result "0-1"]
[WhiteElo "2268"]
[BlackElo "2388"]
[PlyCount "138"]
[EventDate "2012.08.18"]
[EventType "swiss"]
[EventRounds "9"]
[EventCountry "LTU"]
[SourceTitle "CBM 150 Extra"]
[Source "ChessBase"]
[SourceDate "2012.10.19"]
[SourceVersion "1"]
[SourceVersionDate "2012.10.19"]
[SourceQuality "1"]

1. e4 e5 2. Nf3 Nc6 3. Bb5 a6 4. Ba4 Nf6 5. 0-0 Be7 6. Re1 b5 7. Bb3 d6 8. c3 0-0 9. d3 Na5 10. Bc2 c5 11. Nbd2 Nc6 12. Nf1 h6 13. Ng3 Re8 14. h3 Bf8 15. Qe2 Be6 16. Bb3 Qd7 17. Bxe6 Qxe6 18. a4 Na5 19. axb5 axb5 20. Be3 Nb3 21. Rxa8 Rxa8 22. Qc2 Na1 23. Qb1 Qa2 24. Qc1 Qa4 25. Re2 Kh7 26. Kh2 g6 27. c4 Nb3 28. Qc2 Nd7 29. cxb5 Qxb5 30. Nd2 Nxd2 31. Rxd2 Rb8 32. Ne2 Qb3 33. Qc1 Nb6 34. Nc3 Qe6 35. f4 d5 36. exd5 Nxd5 37. Nxd5 Qxd5 38. Qc4 Qxc4 39. dxc4 Rb3 40. Re2 e4 41. g3 f5 42. Kg2 Kg8 43. Kf2 Kf7 44. Rd2 Ke6 45. Ke2 Be7 46. g4 Bd6 47. gxf5+ gxf5 48. Rc2 h5 49. Rd2 h4 50. Rc2 Rb8 51. Kf1 Be7 52. Rd2 Rb3 53. Ke2 Rb4 54. Rc2 Rb8 55. Kf1 Rb3 56. Ke2 Bf6 57. Bxc5 Rxh3 58. Kf1 Rb3 59. Bf2 h3 60. Kg1 Bxb2 61. Kh2 Kd7 62. Bg3 Bc3 63. Re2 Bb4 64. Kxh3 Kc6 65. Kg2 Kc5 66. Bf2+ Kxc4 67. Be3 Kd3 68. Kf2 Bc3 69. Bc5 Rb2 0-1